[Event "Polfinaly Mistrzostw Polski Juniorow 2023 C-13"]
[Site "Jastrzebia Gora"]
[Date "1899-12-30"]
[Round "4.4"]
[White "Seemann, Adam"]
[Black "Uhryn, Lukasz"]
[Result "0-1"]
[WhiteTitle "II"]
[BlackTitle "I"]
[WhiteElo "1501"]
[BlackElo "1435"]

1. e4 e6 2. d4 d5 3. Nd2 c5 4. exd5 exd5 5. Ngf3 Nc6 6. Bb5 a6 7. Bxc6+ bxc6 8.
O-O Nf6 9. Re1+ Be6 10. Ng5 Qd7 11. Nxe6 fxe6 12. Qe2 cxd4 13. Qxe6+ Qxe6 14.
Rxe6+ Kd7 15. Re1 Bd6 16. Nf3 Rhe8 17. Bg5 Ne4 18. Bh4 c5 19. Bg3 Bxg3 20. hxg3
Rab8 21. b3 Re6 22. Re2 Rbe8 23. Rae1 R8e7 24. a4 a5 25. Nh4 g6 26. Nf3 Kd6 27.
Kf1 g5 28. Kg1 h6 29. Nh2 Kd7 30. Nf3 h5 31. Kh2 g4 32. Nh4 Nxf2 33. Rxe6 Rxe6
34. Rf1 Re2 35. Kg1 Ne4 36. Rf5 Rxc2 37. Rxd5+ Ke6 38. Rxh5 Rc1+ 39. Kh2 Nf2 40.
Rh6+ Kf7 41. Nf3 Rh1# 0-1

[Event "Polfinaly Mistrzostw Polski Juniorow 2023 C-13"]
[Site "Jastrzebia Gora"]
[Date "1899-12-30"]
[Round "4.5"]
[White "Malas, Maksymilian"]
[Black "Rabenda, Piotr"]
[Result "1-0"]
[WhiteTitle "II"]
[BlackTitle "II+"]
[WhiteElo "1283"]
[BlackElo "1468"]

1. e4 c5 2. Nf3 d6 3. c3 Nf6 4. Be2 Nc6 5. d4 Nxe4 6. d5 Nf6 7. dxc6 bxc6 8. O-O
Bg4 9. Bg5 h6 10. Bxf6 gxf6 11. Qa4 Bd7 12. Nbd2 d5 13. c4 d4 14. b4 cxb4 15.
Qxb4 Rb8 16. Qa3 e5 17. c5 Rg8 18. Rfb1 Bf5 19. Rxb8 Qxb8 20. Nh4 Be6 21. Rb1
Qc7 22. Ne4 Be7 23. Nd6+ Kf8 24. Rb7 Qd8 25. Rxa7 Bxd6 26. cxd6 Kg7 27. Qg3+ Kh8
28. Qf3 Bd5 29. Qh5 Kh7 30. Bd3+ Kg7 31. Nf5+ Kf8 32. Qxh6+ Ke8 33. Ng7+ Rxg7
34. Qh8+ Rg8 35. Qxg8# 1-0

[Event "Polfinaly Mistrzostw Polski Juniorow 2023 C-13"]
[Site "Jastrzebia Gora"]
[Date "1899-12-30"]
[Round "4.6"]
[White "Baranowski, Jan"]
[Black "Krogulski, Maksymilian"]
[Result "0-1"]
[WhiteTitle "II"]
[BlackTitle "I"]
[WhiteElo "1275"]
[BlackElo "1441"]

1. d4 d5 2. c4 c6 3. cxd5 cxd5 4. Nc3 Nc6 5. Nf3 Nf6 6. Bf4 e6 7. a3 Bd6 8. Bxd6
Qxd6 9. e3 O-O 10. Bd3 b6 11. O-O Bb7 12. Rc1 Rfc8 13. b4 a5 14. b5 Ne7 15. a4
Rc7 16. Qb3 Rac8 17. Ne2 Ne4 18. Rxc7 Rxc7 19. Rc1 Nc8 20. Rxc7 Qxc7 21. Qc2 Qe7
22. Nc3 Ncd6 23. Ne5 f6 24. Nxe4 dxe4 25. Nc6 Bxc6 26. bxc6 exd3 27. Qxd3 Qc7
28. d5 exd5 29. Qxd5+ Nf7 30. Qe6 Kf8 31. h3 Ne5 32. Qf5 h6 33. Qh7 Nxc6 34. Qh8+
Kf7 0-1

[Event "Polfinaly Mistrzostw Polski Juniorow 2023 C-13"]
[Site "Jastrzebia Gora"]
[Date "1899-12-30"]
[Round "4.7"]
[White "Kucinski, Jan"]
[Black "Goralski, Mateusz"]
[Result "0-1"]
[WhiteTitle "II"]
[BlackTitle "II"]
[WhiteElo "1230"]
[BlackElo "1354"]

1. e4 c5 2. Nf3 a6 3. d4 cxd4 4. Nxd4 Nf6 5. Nc3 e5 6. Nb3 Bb4 7. Qd3 d5 8. Bd2
d4 9. Ne2 Bxd2+ 10. Nxd2 O-O 11. O-O-O Nc6 12. h3 Be6 13. a3 b5 14. f4 exf4 15.
Nxf4 b4 16. Nxe6 fxe6 17. axb4 Kh8 18. Nb3 e5 19. c3 Qb6 20. Nc5 dxc3 21. bxc3
Rfd8 22. Qc4 a5 23. Qb5 Qc7 24. Rxd8+ Nxd8 25. Kb2 axb4 26. cxb4 Rb8 27. Qc4 Qb6
28. Kb3 Nc6 29. Nd3 0-1

[Event "Polfinaly Mistrzostw Polski Juniorow 2023 C-13"]
[Site "Jastrzebia Gora"]
[Date "1899-12-30"]
[Round "4.8"]
[White "Wozniak, Bartosz"]
[Black "Dunda, Szymon"]
[Result "1-0"]
[WhiteTitle "II"]
[BlackTitle "II"]
[WhiteElo "1121"]
[BlackElo "1324"]

1. e4 c5 2. Nf3 d6 3. d4 cxd4 4. Nxd4 Nf6 5. Nc3 a6 6. Bg5 e5 7. Nf3 Be7 8. Qd2
Be6 9. O-O-O Nbd7 10. Ne1 b5 11. a3 O-O 12. f4 exf4 13. Qxf4 Qa5 14. Nd3 Rac8
15. Nb1 Nxe4 16. Bxe7 Rxc2+ 17. Kxc2 Rc8+ 18. Nc3 Nxc3 19. Qh4 Nxd1+ 20. Kxd1
Bb3+ 21. Ke2 Rc2+ 22. Kf3 Bd5+ 23. Kg3 Rc4 24. Qg5 Be6 25. Be2 Qb6 26. Rc1 f6
27. Qd2 Rxc1 28. Nxc1 d5 29. Bb4 d4 30. Nd3 Ne5 31. Qf4 Bc4 32. Nxe5 Bxe2 33.
Nf3 Kf7 34. Qxd4 Qe6 35. Qd6 Qe4 36. Qf4 Qd3 37. Kf2 Qc2 38. Qd2 Qxd2 39. Bxd2
1-0

[Event "Polfinaly Mistrzostw Polski Juniorow 2023 C-13"]
[Site "Jastrzebia Gora"]
[Date "1899-12-30"]
[Round "4.9"]
[White "Golab, Antoni"]
[Black "Malecki, Patryk"]
[Result "1-0"]
[WhiteTitle "II"]
[BlackTitle "II"]
[WhiteElo "1339"]
[BlackElo "1152"]

1. e4 c6 2. Nf3 d5 3. Nc3 dxe4 4. Nxe4 Nf6 5. Qe2 Nxe4 6. Qxe4 Nd7 7. Bc4 Nf6 8.
Ne5 e6 9. Qe2 Bc5 10. c3 O-O 11. d4 Be7 12. O-O Nd5 13. Qg4 Kh8 14. Qh3 Qc7 15.
Bd3 Nf6 16. Bg5 h6 17. Bxh6 gxh6 18. Qxh6+ Kg8 19. Ng4 Ne4 20. Bxe4 f5 21. Bd3
Rf7 22. Ne5 Rg7 23. f4 Bf8 24. Ng6 Kf7 25. Nxf8 Kxf8 26. Bc4 Qd6 27. Rae1 Kf7
28. Re5 Bd7 29. Rxf5+ Kg8 30. Rg5 Qe7 31. Qxg7+ Qxg7 32. Rxg7+ Kxg7 33. Re1 Kf6
34. g4 Rg8 35. h3 Rh8 36. Kg2 b5 37. Bd3 a5 38. g5+ Kf7 39. Kg3 e5 40. dxe5 Rxh3+
41. Kf2 Rxd3 42. Rh1 Kg7 43. Rh6 Rd2+ 44. Kf3 Rxb2 45. e6 Be8 46. f5 Rb1 47. f6+
Kg8 48. Ke4 Rg1 49. Kf5 Rg2 50. g6 Rf2+ 51. Ke5 a4 52. g7 1-0

[Event "Polfinaly Mistrzostw Polski Juniorow 2023 C-13"]
[Site "Jastrzebia Gora"]
[Date "1899-12-30"]
[Round "4.10"]
[White "Kaszuba, Michal"]
[Black "Boguszewski, Kacper"]
[Result "1/2-1/2"]
[WhiteTitle "II+"]
[BlackTitle "II"]
[WhiteElo "1536"]
[BlackElo "1211"]

1. e4 c5 2. Nf3 d6 3. d4 cxd4 4. Nxd4 Nf6 5. Nc3 a6 6. Bc4 e6 7. Bb3 Be7 8. O-O
b5 9. a3 O-O 10. Qe2 Bb7 11. Bg5 Nbd7 12. Rfe1 Qc7 13. Rad1 Rac8 14. f3 Ne5 15.
Be3 Nc4 16. Bxc4 Qxc4 17. Qxc4 Rxc4 18. Nb3 Ba8 19. Bg5 Rd8 20. Rd3 Kf8 21. Red1
d5 22. exd5 Nxd5 23. Nxd5 Rxd5 24. Bxe7+ Kxe7 25. c3 Rxd3 26. Rxd3 Bd5 27. Nd4
g6 28. Kf2 Kd6 29. Nc2 a5 30. Ne3 Rc5 31. Nf1 f5 32. f4 Rc4 33. g3 Rc5 34. Ne3
a4 35. Rd4 e5 36. fxe5+ Kxe5 37. Nc2 g5 38. Nb4 Ke6 39. Ke3 h6 40. Rd2 Kd6 41.
Rd4 Ke6 42. Rd2 Kd6 43. Na6 Rc4 44. Rd4 Ke5 45. Rd2 Ke6 46. Rd4 Ke5 47. Nb4 Rxd4
48. cxd4+ Ke6 49. Nd3 Bc4 50. Nb4 Bd5 51. h4 Bc4 52. Nc2 Bd5 53. Nb4 Bc4 54. hxg5
hxg5 55. Nc2 Kd6 56. Nb4 Ke6 57. Kf3 Bd5+ 58. Ke3 Bc4 59. Nc2 Kd6 60. Nb4 Ke6
61. Nc2 Bd5 62. Nb4 Bc4 63. Nc2 Bd5 64. Nb4 Bc4 65. Ke4 Ke5+ 1/2-1/2

[Event "Polfinaly Mistrzostw Polski Juniorow 2023 C-13"]
[Site "Jastrzebia Gora"]
[Date "1899-12-30"]
[Round "4.11"]
[White "Mielcuch, Karol"]
[Black "Raszkiewicz, Wiktor"]
[Result "1-0"]
[WhiteTitle "II+"]
[BlackTitle "II"]
[WhiteElo "1479"]
[BlackElo "1335"]

1. c4 e5 2. g3 Nc6 3. Bg2 g6 4. Nc3 Bg7 5. e3 f5 6. Nge2 Nf6 7. d4 e4 8. O-O O-O
9. f3 exf3 10. Bxf3 Re8 11. Nf4 d6 12. a3 Ne7 13. Bd2 Rb8 14. Qc2 g5 15. Nfd5
Nexd5 16. Nxd5 c6 17. Nxf6+ Bxf6 18. Rae1 Bg7 19. d5 Rf8 20. Bc3 c5 21. Be2 Bxc3
22. Qxc3 Rf6 23. Rf2 Qf8 24. Ref1 Bd7 25. e4 Re8 26. exf5 Rxf5 27. Rxf5 Bxf5 28.
Bd3 Re3 29. Rxf5 Qe7 30. Qd2 1-0

[Event "Polfinaly Mistrzostw Polski Juniorow 2023 C-13"]
[Site "Jastrzebia Gora"]
[Date "1899-12-30"]
[Round "4.12"]
[White "Michalczyk, Kajetan"]
[Black "Lesik, Sebastian"]
[Result "0-1"]
[WhiteTitle "II"]
[BlackTitle "II"]
[WhiteElo "1168"]
[BlackElo "1447"]

1. e4 c5 2. Nf3 e6 3. d4 cxd4 4. Nxd4 a6 5. c4 Nf6 6. Nc3 Qc7 7. a3 Be7 8. Be3
b6 9. Be2 Bb7 10. f3 O-O 11. Rc1 d6 12. O-O Nbd7 13. Qc2 Rac8 14. Rfd1 Qb8 15.
b4 Bd8 16. Qb1 Bc7 17. f4 Rfe8 18. Nf3 Nf8 19. Na4 Bxe4 20. Qb2 Qb7 21. c5 dxc5
22. bxc5 b5 23. Nb6 Rcd8 24. Ra1 N8d7 25. Nxd7 Nxd7 26. Rd4 Bd5 27. Rad1 Nxc5
28. Rb4 Na4 29. Qc2 Bd6 30. Rbb1 Bxa3 0-1

[Event "Polfinaly Mistrzostw Polski Juniorow 2023 C-13"]
[Site "Jastrzebia Gora"]
[Date "1899-12-30"]
[Round "4.13"]
[White "Lewek, Jakub"]
[Black "Szymczyk, Jan"]
[Result "0-1"]
[WhiteTitle "I"]
[BlackTitle "II"]
[WhiteElo "1333"]
[BlackElo "1201"]

1. e4 d5 2. exd5 Nf6 3. Bb5+ Bd7 4. Bc4 Bf5 5. Nc3 Nbd7 6. Bb3 Nb6 7. d4 Nbxd5
8. Nxd5 Nxd5 9. Qf3 e6 10. Ne2 c6 11. O-O Be7 12. Ng3 Bg6 13. Be3 O-O 14. a3 Bf6
15. Ne4 Bxe4 16. Qxe4 Re8 17. c4 Nxe3 18. fxe3 e5 19. d5 cxd5 20. cxd5 Qb6 21.
Bc2 g6 22. Rf3 Bg7 23. Raf1 f5 24. Qc4 Rac8 25. Qb3 Qd6 26. e4 f4 27. Kh1 Rc7
28. Bb1 Rec8 29. Qa4 a6 30. b4 b5 31. Qb3 Rc4 32. Qb2 g5 33. h3 h5 34. Kh2 g4
35. Rb3 g3+ 36. Kh1 Qc7 37. Rbf3 Bf8 38. d6 Bxd6 39. Ba2 Kh7 40. Bxc4 Qxc4 41.
Rd1 Qxe4 42. Rfd3 Be7 43. Qb3 Qg6 44. Rd7 Qf6 45. Qf3 Qf7 46. Qb7 Re8 47. Qxa6
f3 48. Qc6 f2 49. Qxb5 Rf8 50. Qd3+ Kh8 51. Rf1 h4 52. a4 Qe6 53. Rb7 Rg8 54.
Rxe7 Qxh3+ 55. gxh3 g2+ 56. Kh2 g1=Q+ 0-1

[Event "Polfinaly Mistrzostw Polski Juniorow 2023 C-13"]
[Site "Jastrzebia Gora"]
[Date "1899-12-30"]
[Round "4.14"]
[White "Stasik, Marceli"]
[Black "Furlepa, Oskar"]
[Result "0-1"]
[WhiteTitle "II"]
[BlackTitle "II"]
[WhiteElo "1122"]
[BlackElo "1243"]

1. e4 c5 2. c3 d5 3. exd5 Qxd5 4. d4 cxd4 5. cxd4 Nc6 6. Nf3 e6 7. Nc3 Bb4 8. Bd2
Bxc3 9. Bxc3 Nf6 10. Ne5 Ne4 11. Nxc6 Nxc3 12. bxc3 Qxc6 13. Qb3 O-O 14. f3 Bd7
15. Bd3 Rac8 16. Rc1 b6 17. Be4 Qb5 18. Kd2 Qg5+ 19. Kd3 Qxg2 20. Rcg1 Qh3 21.
Rg3 Qh5 22. Rhg1 g6 23. Qa3 Qb5+ 24. Kd2 Qa4 25. Qxa4 Bxa4 26. h4 Bc6 27. Bd3
Rfd8 28. h5 Be8 29. f4 Rd5 30. hxg6 hxg6 31. Rh3 Ra5 32. Bb1 Kg7 33. Rgh1 Bc6
34. Rh7+ Kf6 35. Rh8 Rxh8 36. Rxh8 Bd5 37. a3 Rxa3 38. Kd3 Ra1 39. c4 Bxc4+ 40.
Kxc4 Rxb1 41. Ra8 Ra1 42. d5 exd5+ 43. Kxd5 Ra5+ 44. Ke4 Ra4+ 45. Ke3 Kf5 46.
Rf8 f6 47. Rf7 b5 48. Kd2 a6 49. Rh7 Kxf4 0-1

[Event "Polfinaly Mistrzostw Polski Juniorow 2023 C-13"]
[Site "Jastrzebia Gora"]
[Date "1899-12-30"]
[Round "4.15"]
[White "Sidor, Mateusz"]
[Black "Dobrowolski, Kamil"]
[Result "0-1"]
[WhiteTitle "II"]
[BlackTitle "II+"]
[WhiteElo "1063"]
[BlackElo "1628"]

1. d4 Nf6 2. Nf3 g6 3. c4 Bg7 4. Nc3 d5 5. Bf4 O-O 6. e3 c5 7. cxd5 Nxd5 8. Nxd5
Qxd5 9. Be5 Bxe5 10. Nxe5 cxd4 11. Qxd4 Qxd4 12. exd4 f6 13. Nf3 Be6 14. a3 Nc6
15. Be2 Rfd8 16. Rd1 Rd6 17. O-O Rad8 18. h3 Nxd4 19. Rxd4 Rxd4 20. Nxd4 Rxd4
21. Bf3 b6 22. Rc1 Rc4 23. Re1 Kf7 24. Re2 Rc5 25. Kh2 f5 26. g3 Kf6 27. h4 Bb3
28. Re3 Bf7 29. b4 Rc2 30. Kg2 e5 31. Bd1 Bd5+ 32. Bf3 Bxf3+ 33. Rxf3 e4 34. Re3
Ke5 35. Rb3 Kd4 36. Rb1 e3 0-1

[Event "Polfinaly Mistrzostw Polski Juniorow 2023 C-13"]
[Site "Jastrzebia Gora"]
[Date "1899-12-30"]
[Round "4.20"]
[White "Skrzypiec, Franciszek"]
[Black "Dunalski, Szymon"]
[Result "1/2-1/2"]
[WhiteTitle "II"]
[BlackTitle "II"]
[WhiteElo "1280"]
[BlackElo "1279"]

1. e4 c6 2. d4 d5 3. Nc3 dxe4 4. Nxe4 Bf5 5. Ng3 Bg6 6. Nf3 Nd7 7. h4 h5 8. Bf4
Ngf6 9. Bd3 Bxd3 10. Qxd3 g6 11. Ng5 Qb6 12. O-O-O Bg7 13. Rhe1 Nd5 14. Be5 Nxe5
15. dxe5 O-O 16. c3 Bh6 17. N3e4 Kg7 18. Kb1 Rad8 19. Qg3 a5 20. f4 Bxg5 21. Nxg5
e6 22. f5 Nc7 23. f6+ Kg8 24. Ne4 Nb5 25. Qf4 Kh7 26. Ng5+ Kg8 27. Nxe6 fxe6 28.
Qh6 Rf7 29. Qxg6+ Kf8 30. Qxh5 Rxd1+ 31. Rxd1 Na3+ 32. Rd2 Qe3+ 33. Qd1 1/2-1/2

[Event "Polfinaly Mistrzostw Polski Juniorow 2023 C-13"]
[Site "Jastrzebia Gora"]
[Date "1899-12-30"]
[Round "5.1"]
[White "Uhryn, Lukasz"]
[Black "Oles, Mateusz"]
[Result "1-0"]
[WhiteTitle "I"]
[BlackTitle "II+"]
[WhiteElo "1435"]
[BlackElo "1549"]

1. e4 c5 2. Nf3 d6 3. d4 cxd4 4. Nxd4 Nf6 5. Nc3 g6 6. Be3 Bg7 7. Qd2 Ng4 8. Bg5
h6 9. Bh4 Nc6 10. Nb3 Nf6 11. f3 a6 12. Bf2 Be6 13. Be2 O-O 14. O-O-O b5 15. Be3
Kh7 16. g4 Bxb3 17. cxb3 Nd7 18. Kb1 Qa5 19. h4 Rac8 20. h5 g5 21. f4 gxf4 22.
Bxf4 Nc5 23. g5 hxg5 24. Bxg5 Nb4 25. Bxe7 f5 26. a3 Nxb3 27. Qxd6 Bxc3 28. Qg6+
Kh8 29. bxc3 Qxa3 30. Bf6+ Rxf6 31. Qxf6+ Kg8 32. Rhg1+ Kh7 33. Qg7# 1-0

[Event "Polfinaly Mistrzostw Polski Juniorow 2023 C-13"]
[Site "Jastrzebia Gora"]
[Date "1899-12-30"]
[Round "5.2"]
[White "Rajlich, Vaclav"]
[Black "Malas, Maksymilian"]
[Result "1-0"]
[WhiteTitle "I"]
[BlackTitle "II"]
[WhiteElo "1539"]
[BlackElo "1283"]

1. e4 c5 2. Nf3 d6 3. d4 cxd4 4. Nxd4 Nf6 5. Nc3 g6 6. Be3 Bg7 7. f3 O-O 8. Qd2
Nc6 9. O-O-O a6 10. g4 Bd7 11. h4 h5 12. Nd5 Nxd5 13. exd5 Ne5 14. gxh5 gxh5 15.
Bh6 Ng6 16. Bxg7 Kxg7 17. Qg5 Rh8 18. Rg1 Rc8 19. Bd3 Rh6 20. f4 Kh7 21. f5 Bxf5
22. Nxf5 Qf8 23. Nxh6 Qxh6 24. Qxh6+ Kxh6 25. Bxg6 fxg6 26. Rde1 Rg8 27. Rxe7
Rb8 28. Re6 Rg8 29. Rxd6 Rg7 30. Re6 1-0

[Event "Polfinaly Mistrzostw Polski Juniorow 2023 C-13"]
[Site "Jastrzebia Gora"]
[Date "1899-12-30"]
[Round "5.3"]
[White "Jagodzinski, Jaromir"]
[Black "Wozniak, Bartosz"]
[Result "1-0"]
[WhiteTitle "I"]
[BlackTitle "II"]
[WhiteElo "1527"]
[BlackElo "1121"]

1. e4 c5 2. Nf3 Nc6 3. d4 cxd4 4. Nxd4 Nf6 5. Nc3 e5 6. Ndb5 d6 7. Bg5 a6 8. Na3
b5 9. Bxf6 gxf6 10. Nd5 Bg7 11. c3 f5 12. exf5 Bxf5 13. Nc2 O-O 14. Nce3 Be6 15.
Bd3 f5 16. O-O f4 17. Qh5 Rf7 18. Qxh7+ Kf8 19. Bg6 fxe3 20. Bxf7 Bxf7 21. fxe3
Ne7 22. Qh5 Qe8 23. Nc7 Kg8 24. Qxf7+ Qxf7 25. Rxf7 Kxf7 26. Rf1+ Kg6 27. Nxa8
Bh6 28. e4 d5 29. exd5 Nxd5 30. Rd1 Ne3 31. Rd6+ Kg5 32. Re6 Bg7 33. Nc7 Kf5 34.
Kf2 Nd5 35. g4+ Ke4 36. Nxd5 Kxd5 37. Rxa6 e4 38. Ke3 Be5 39. h4 Bh2 40. Ra8 Bg1+
41. Ke2 e3 42. Re8 Kc4 43. Re4+ Kc5 44. Rxe3 Bxe3 45. Kxe3 Kc4 46. h5 b4 47. h6
bxc3 48. b3+ Kb4 49. Kd3 Ka3 50. Kxc3 Kxa2 51. b4 Ka3 52. b5 Ka4 53. h7 Ka5 54.
b6 Ka6 55. h8=Q Ka5 56. Qd4 Ka6 57. Kb4 Kb7 58. Qd7+ Kxb6 59. Qd6+ 1-0

[Event "Polfinaly Mistrzostw Polski Juniorow 2023 C-13"]
[Site "Jastrzebia Gora"]
[Date "1899-12-30"]
[Round "5.4"]
[White "Krogulski, Maksymilian"]
[Black "Staniczek, Kacper"]
[Result "1-0"]
[WhiteTitle "I"]
[BlackTitle "I"]
[WhiteElo "1441"]
[BlackElo "1504"]

1. e4 e5 2. Nf3 Nc6 3. Nc3 Nf6 4. d4 exd4 5. Nxd4 Bb4 6. Nxc6 bxc6 7. Bd3 O-O 8.
O-O d5 9. exd5 cxd5 10. Bg5 c6 11. Qf3 Be6 12. Rad1 Bd6 13. h3 Rb8 14. b3 Be7
15. Bf4 Bd6 16. Ne2 Qc7 17. Bxd6 Qxd6 18. Qg3 Qxg3 19. Nxg3 a5 20. f4 a4 21. Kf2
axb3 22. axb3 c5 23. Rb1 Rb4 24. f5 Bd7 25. c3 Rb6 26. b4 cxb4 27. Rxb4 Rc6 28.
c4 Rfc8 29. cxd5 Nxd5 30. Rd4 Nf6 31. Rd1 Be8 32. Rd2 Rb6 33. Ne2 Nd7 34. Nf4
Nc5 35. Nd5 Nxd3+ 36. R4xd3 Rb7 37. f6 gxf6 38. Nxf6+ Kg7 39. Ne4 Rcb8 40. Rg3+
Kf8 41. Nf6 Ke7 42. Nxh7 Bd7 43. Re3+ Be6 44. Ng5 Rb6 45. Rde2 Rg8 46. Nxe6 fxe6
47. g4 Rg6 48. Kg3 Rb4 49. Re4 Rb3+ 50. R2e3 Rb1 51. Kh4 Rh1 52. Kh5 Rg8 53. Rxe6+
Kd7 54. Rh6 Ra1 55. g5 Ra5 56. h4 Rb5 57. Re4 Ra5 58. Rf4 Ke7 59. Rh7+ Ke8 60.
Rb4 Ra8 61. Rb6 Kf8 62. Kh6 Rc8 63. h5 Ra8 64. Rf6+ Ke8 65. Rg7 1-0

[Event "Polfinaly Mistrzostw Polski Juniorow 2023 C-13"]
[Site "Jastrzebia Gora"]
[Date "1899-12-30"]
[Round "5.5"]
[White "Goralski, Mateusz"]
[Black "Iwan, Patryk"]
[Result "1/2-1/2"]
[WhiteTitle "II"]
[BlackTitle "II+"]
[WhiteElo "1354"]
[BlackElo "1466"]

1. e4 e5 2. Nf3 Nc6 3. Bb5 a6 4. Ba4 Nf6 5. O-O Be7 6. Re1 b5 7. Bb3 O-O 8. c3
d5 9. d3 dxe4 10. dxe4 Qxd1 11. Bxd1 Be6 12. Nbd2 Nd7 13. Bc2 f6 14. Nf1 Na5 15.
Ne3 Nb6 16. b3 c5 17. Bd2 Nb7 18. Rad1 Nd6 19. Bc1 Rac8 20. h3 Kf7 21. Nh2 h5
22. Nf5 Nxf5 23. exf5 Bd5 24. f4 exf4 25. Bxf4 c4 26. b4 Bc6 27. Re6 g5 28. Bg3
Rfd8 29. Rde1 Nd5 30. Bd1 h4 31. Bh5+ Kf8 32. Bf2 1/2-1/2

[Event "Polfinaly Mistrzostw Polski Juniorow 2023 C-13"]
[Site "Jastrzebia Gora"]
[Date "1899-12-30"]
[Round "5.6"]
[White "Protas, Jakub"]
[Black "Mielcuch, Karol"]
[Result "1/2-1/2"]
[WhiteTitle "II"]
[BlackTitle "II+"]
[WhiteElo "1392"]
[BlackElo "1479"]

1. e4 c5 2. Nf3 e6 3. b4 cxb4 4. d4 d5 5. e5 Nc6 6. a3 bxa3 7. c3 a6 8. Nxa3 Be7
9. Bd3 b5 10. Nxb5 Rb8 11. Na3 Qa5 12. Qc2 h6 13. Bb2 Qc7 14. O-O Bb7 15. Nb1
Qb6 16. Nbd2 Rc8 17. Rfb1 Qa7 18. Qa4 Ra8 19. Ba3 Bxa3 20. Rxa3 Nge7 21. Nb3 O-O
22. Nc5 Rfb8 23. Rba1 a5 24. Bb5 Rd8 25. Nd2 Qb6 26. Rb1 Qc7 27. Nxb7 Qxb7 28.
Nb3 Rdb8 29. Nc5 Qc7 30. Rab3 Rb6 31. h3 Kh8 32. Bd3 Rxb3 33. Rxb3 Qc8 34. Nb7
Qc7 35. Nd6 Kg8 36. Rb7 Qd8 37. Nxf7 Kxf7 38. Qxc6 a4 39. Qb5 a3 40. Qb1 Qc8 41.
Rb3 Qc7 42. Qa2 Qa5 43. Kh1 Qa7 44. Qb1 Qa5 45. Qa1 Qa4 46. Qa2 Qa7 47. Rb4 Rc8
48. Rb3 Ra8 49. Rb1 Qa5 50. Rb3 Qa4 51. Rb1 Qa5 52. Rb3 1/2-1/2

[Event "Polfinaly Mistrzostw Polski Juniorow 2023 C-13"]
[Site "Jastrzebia Gora"]
[Date "1899-12-30"]
[Round "5.7"]
[White "Lesik, Sebastian"]
[Black "Furlepa, Oskar"]
[Result "1-0"]
[WhiteTitle "II"]
[BlackTitle "II"]
[WhiteElo "1447"]
[BlackElo "1243"]

1. d4 c5 2. d5 Nf6 3. Nc3 d6 4. e4 g6 5. h3 Bg7 6. Nf3 Nbd7 7. Be2 O-O 8. O-O a6
9. a4 b6 10. Be3 Qc7 11. Nd2 Bb7 12. f4 Rfe8 13. Nc4 e6 14. Bf3 exd5 15. exd5
Re7 16. Qd2 Ne8 17. Bf2 Bxc3 18. Qxc3 Ng7 19. Ne3 f5 20. g4 Rf8 21. g5 b5 22.
axb5 axb5 23. Qb3 Ree8 24. Qxb5 Rb8 25. Qd3 Ra8 26. b3 Nb6 27. c4 Nd7 28. Qc3
Rfb8 29. Nc2 Qb6 30. Na3 Ba6 31. Rfb1 Rb7 32. Be2 Rab8 33. Nb5 Ne8 34. b4 Bxb5
35. cxb5 Nc7 36. Ra5 Kf8 37. Qh8+ Kf7 38. Qxh7+ Kf8 39. Qxg6 1-0

[Event "Polfinaly Mistrzostw Polski Juniorow 2023 C-13"]
[Site "Jastrzebia Gora"]
[Date "1899-12-30"]
[Round "5.8"]
[White "Szymczyk, Jan"]
[Black "Golab, Antoni"]
[Result "0-1"]
[WhiteTitle "II"]
[BlackTitle "II"]
[WhiteElo "1201"]
[BlackElo "1339"]

1. e4 c5 2. Nf3 d6 3. Bb5+ Nc6 4. O-O g6 5. d4 cxd4 6. Nxd4 Bd7 7. Nc3 Bg7 8. Bxc6
bxc6 9. Be3 Nf6 10. Qd2 O-O 11. Bh6 Rb8 12. Bxg7 Kxg7 13. Nb3 Qc7 14. Rad1 Rfd8
15. Qe2 a5 16. Rb1 Be6 17. Nd4 Bd7 18. Rfe1 Qb6 19. Nf3 Be6 20. Ng5 Bg4 21. Qc4
d5 22. exd5 cxd5 23. Qf4 h6 24. Nf3 Bxf3 25. Qxf3 e6 26. Red1 Rdc8 27. Qd3 Qc5
28. Rdc1 Rb4 29. Nd1 Rd4 30. Qe3 Rc4 31. Qxc5 R4xc5 32. c3 d4 33. Rc2 Ne4 34.
f3 d3 35. Rcc1 Nd2 36. Ra1 a4 37. Ne3 Rb8 38. Nd1 Nc4 39. Rab1 d2 40. Rc2 Na3
41. bxa3 Rxb1 42. Rxd2 Rxc3 43. Kf2 Rxa3 44. Ne3 Ra1 45. Nc4 R3xa2 46. Ke3 Rxd2
47. Nxd2 Ra2 48. Kd3 Rb2 49. Kc3 a3 50. Nc4 Rxg2 51. Nxa3 0-1

[Event "Polfinaly Mistrzostw Polski Juniorow 2023 C-13"]
[Site "Jastrzebia Gora"]
[Date "1899-12-30"]
[Round "5.9"]
[White "Dobrowolski, Kamil"]
[Black "Hlubek, Tymoteusz"]
[Result "1/2-1/2"]
[WhiteTitle "II+"]
[BlackTitle "II+"]
[WhiteElo "1628"]
[BlackElo "1207"]

1. e4 c6 2. d4 d5 3. e5 Bf5 4. Nf3 e6 5. Be2 Nd7 6. O-O h6 7. Be3 Ne7 8. Nfd2 Rc8
9. Nb3 b6 10. f4 Bg6 11. Bf2 Qc7 12. c3 h5 13. N1d2 Nf5 14. Nf3 Be7 15. Ba6 Rb8
16. Bd3 c5 17. Bxf5 Bxf5 18. Bh4 Bxh4 19. Nxh4 g6 20. Nd2 Bd3 21. Rf2 Ba6 22.
Rc1 Rc8 23. Ra1 cxd4 24. cxd4 Ke7 25. Qa4 Qb7 26. Qb4+ Ke8 27. Nhf3 Rc7 28. Ne1
Qc8 29. Rf3 Nb8 30. Rc3 Rxc3 31. bxc3 Nc6 32. Qa4 Kf8 33. Rc1 Kg7 34. Nef3 Na5
1/2-1/2

[Event "Polfinaly Mistrzostw Polski Juniorow 2023 C-13"]
[Site "Jastrzebia Gora"]
[Date "1899-12-30"]
[Round "5.10"]
[White "Malecki, Patryk"]
[Black "Kaszuba, Michal"]
[Result "0-1"]
[WhiteTitle "II"]
[BlackTitle "II+"]
[WhiteElo "1152"]
[BlackElo "1536"]

1. e4 c5 2. c3 g6 3. Nf3 Bg7 4. d4 cxd4 5. cxd4 d5 6. e5 Nc6 7. Bb5 Bg4 8. h3 Bxf3
9. Qxf3 Nh6 10. Bxh6 Bxh6 11. O-O O-O 12. Bxc6 bxc6 13. Qd3 e6 14. Nc3 f6 15.
f4 fxe5 16. fxe5 Qh4 17. Ne2 Qe7 18. Qc3 Rac8 19. b4 Qg5 20. Qc2 Qe3+ 21. Kh1
Rb8 22. a3 Qd2 23. Qxd2 Bxd2 24. Rfd1 Bg5 25. Rf1 Rxf1+ 26. Rxf1 Rf8 27. Rxf8+
Kxf8 28. Kg1 Bd2 29. Kf2 Ke7 30. Ng1 Bc1 31. a4 a6 32. Ke2 Ba3 33. Kd3 Bxb4 34.
Nf3 h6 35. g4 g5 36. Nd2 Bxd2 37. Kxd2 c5 38. dxc5 Kd7 39. Kc3 Kc6 40. Kb4 d4
41. Kc4 d3 42. Kxd3 Kxc5 43. Ke4 a5 0-1

[Event "Polfinaly Mistrzostw Polski Juniorow 2023 C-13"]
[Site "Jastrzebia Gora"]
[Date "1899-12-30"]
[Round "5.11"]
[White "Boguszewski, Kacper"]
[Black "Seemann, Adam"]
[Result "1/2-1/2"]
[WhiteTitle "II"]
[BlackTitle "II"]
[WhiteElo "1211"]
[BlackElo "1501"]

1. e4 c5 2. Nf3 Nc6 3. d4 cxd4 4. Nxd4 Nf6 5. Nc3 e6 6. Nxc6 bxc6 7. Bd3 d5 8.
exd5 cxd5 9. O-O Be7 10. Bf4 O-O 11. Qe2 Bb7 12. Rad1 a6 13. Rfe1 Qa5 14. Be5
Rfd8 15. Bd4 Qc7 16. g3 Qc6 17. Qf3 Rac8 18. Re2 Nd7 19. Rde1 Bf6 20. Bxf6 Nxf6
21. g4 Nd7 22. h4 e5 23. Nxd5 Qxd5 24. Be4 Qb5 25. Bxb7 Rc5 26. c3 Rb8 27. Be4
Re8 28. Qd3 Qxd3 29. Bxd3 a5 30. f4 f6 31. Bf5 1/2-1/2

[Event "Polfinaly Mistrzostw Polski Juniorow 2023 C-13"]
[Site "Jastrzebia Gora"]
[Date "1899-12-30"]
[Round "5.12"]
[White "Rabenda, Piotr"]
[Black "Baranowski, Jan"]
[Result "1/2-1/2"]
[WhiteTitle "II+"]
[BlackTitle "II"]
[WhiteElo "1468"]
[BlackElo "1275"]

1. d4 d5 2. c4 e6 3. Nf3 a6 4. e3 Nf6 5. Nbd2 Bd6 6. Bd3 O-O 7. O-O Nbd7 8. e4
dxe4 9. Nxe4 Nxe4 10. Bxe4 Nf6 11. Bc2 h6 12. Ne5 c5 13. Qd3 cxd4 14. Ng4 Re8
15. f3 Kf8 16. Ba4 Bd7 17. Nxf6 gxf6 18. Bxh6+ Ke7 19. Bxd7 Qxd7 20. Bd2 Rh8 21.
f4 Rag8 22. b4 e5 23. c5 Bc7 24. fxe5 Bxe5 25. Bf4 Qc6 26. Qd2 Rg6 27. Rae1 Rhg8
28. g3 Qd5 29. Bxe5 fxe5 30. Rxe5+ Qxe5 31. Re1 Rxg3+ 32. hxg3 Rxg3+ 33. Kf2 Qe3+
34. Qxe3+ Rxe3 35. Rxe3+ dxe3+ 36. Kxe3 Kd7 37. a4 Kc6 38. Kd4 f6 39. Kc4 f5 40.
b5+ axb5+ 41. axb5+ Kd7 42. Kd5 f4 43. c6+ bxc6+ 44. bxc6+ Kc7 45. Ke4 Kxc6 46.
Kxf4 1/2-1/2

[Event "Polfinaly Mistrzostw Polski Juniorow 2023 C-13"]
[Site "Jastrzebia Gora"]
[Date "1899-12-30"]
[Round "5.13"]
[White "Dunda, Szymon"]
[Black "Kucinski, Jan"]
[Result "0-1"]
[WhiteTitle "II"]
[BlackTitle "II"]
[WhiteElo "1324"]
[BlackElo "1230"]

1. e4 e5 2. Nf3 Nc6 3. Bc4 Bc5 4. O-O Nf6 5. d4 Bxd4 6. Nxd4 Nxd4 7. Bg5 d6 8.
f4 Bg4 9. Bxf6 Bxd1 10. Bxd8 Rxd8 11. Rxd1 Nxc2 12. Nc3 Nxa1 13. Rxa1 c6 14. g3
g6 15. Re1 O-O 16. Kf2 Kg7 17. fxe5 dxe5 18. Ke3 Rd4 19. Bb3 Rfd8 20. Re2 Rd3+
21. Kf2 Rd2 22. Ke1 Rxe2+ 23. Kxe2 f5 24. Bc2 f4 25. Nb1 g5 26. g4 h5 27. Kf3
Rh8 28. Bb3 hxg4+ 29. Kxg4 Kf6 30. Nc3 Rxh2 31. Bd1 Rxb2 32. Kf3 Rd2 33. Be2 Rc2
34. Nd1 g4+ 0-1